Florenz Trivia - Statistiken

Allgemein
  • Dieses Quiz wurde 2.635 mal gespielt
  • Das Durchschnittsergebnis liegt bei 12 aus 20
Antwortstatistiken
Frage Antwort % Korrekt
Welcher Künstler und Erfinder wurde 1452 im nahegelegenen Vinci geboren? Leonardo
92%
Welcher Künstler und Maler der Sixtinischen Kapelle wurde 1475 in der nahegelegenen Gemeinde Caprese geboren? Michelangelo
89%
Welche kulturelle Wiedergeburt begann im 15. Jahrhundert in Florenz? die Renaissance
82%
Von welcher Region ist die Florenz die Hauptstadt? Toskana
82%
Wie nennt man eine Person aus Florenz? Florentiner(in)
76%
Welches berühmte Gemälde von Sandro Botticelli zeigt eine Frau auf einer Jakobsmuschel stehend? Die Geburt der {Venus}
70%
Welche Familie führte Florenz durch das 15. Jahrhundert; eine Familie aus welcher später vier Päpste und zwei Königinnen Frankreichs hervorgingen? die Medici
69%
Wie lautet der italienische Name Florenz'? Firenze
69%
Welche berühmte Skulptur des obengenannten Künstlers kann heute in der Galleria dell'Academia besichtigt werden? David
65%
Wer schrieb die Göttliche Komödie? Dante Alighieri
55%
Wer gründete Florenz im Jahr 59 v. Chr. als militärischen Vorposten? Gaius Iulius Cäsar
55%
In welcher Branche dominierte diese Familie Europa? Bankwesen
49%
Welcher Fluss fließt durch Florenz? Arno
47%
Wie heißt die berühmteste Brück an diesem Fluss? (der Name bedeutet 'Alte Brücke') Ponte {Vecchio}
44%
Welches Volk lebte vor den Römern auf dem Gebiet des heutigen Florenz? die Etrusker
40%
Welches Fußballteam aus Florenz spielt aus Tradition in violetten Trikots? Fiorentina
39%
Welches berühmte Kunstmuseum hat einen Namen, der wörtlich 'Büros' bedeutet? die Uffizien
38%
Welchen Stadtsaat und späteren Geburtsort von Galileo eroberte Florenz 1406? Pisa
37%
Wer schrieb Der Fürst; ein Buch über die politische Machterhaltung in feindlichem Umfeld? Niccolò Machiavelli
36%
Welcher Rotwein, dessen Flaschen oft strohumflochten werden, stammt aus einem Gebiet südlich von Florenz? Chianti
24%
Keine übereinstimmenden Quizze gefunden
Verteilung der Resultate
Anzahl Personen mit jedem Resultat
Perzentil nach korrekt beantworteten Fragen
Ihre Resultats-Entwicklung
Sie haben dieses Quiz noch nicht gespielt